Culture Générale - Série 2615 - Statistiques

Statistiques générales
  • Ce quiz a été pris 89 fois
  • Le résultat moyen est 3 sur 10
Statistiques - réponses
Question Réponse % Correct
Quelle est la capitale du Montenegro ? Podgorica
63%
En argot quel animal est désigné par le mot "greffier" ? chat
56%
Enceinte utilisée pour bloquer les champs électromagnétiques : cage de .... Faraday
54%
Nom donné à l'argot dans les pays anglo-saxons slang
35%
La pravda est un journal russe qui signifie en français : ----- vérité
26%
Qui a écrit l'Enéide ? Virgile
26%
Qu'appelle-t-on harmattan ? vent
16%
Propos gai, plaisanterie sur quelque sujet un peu libre - 9 lettres commençant par " g " gaudriole
9%
Poison végétal utilisé par les populations des îles de la Sonde pour empoisonner les flèches - 4 lettres commençant par " u " upas
7%
Quel footballeur français international (1924-1997) était surnommé "le sanglier des Ardennes" ? prénom et nom Roger Marche
2%
Aucun quiz correspondant
Distribution des résultats
% des personnes avec chaque résultat
Percentile par nombre de réponses
Votre historique - résultats
Vous n’avez pas pris ce quiz